000
00442nam a2200145Ia 4500
008
100204s9999 xx 000 0 und d
082
_b
10252
100
_a
फडके वि. के.
245
_a
विलक्षण पैज
260
_b
"शकुन प्रकाशन , पुणे 30"
_c
1985
300
_a
31
630
_a
विलक्षण पैज
730
_a
विलक्षण पैज
942
_c
BOOK
999
_c
454688
_d
454685